000 00816nam a22002297a 4500
005 20130122115659.0
008 130122t xxu||||| |||| 00| 0 eng d
010 _aENG-106639
020 _a9788188449149
_c110.00
035 _aEN-90172
037 _bDBAD / PUB
040 _aDPL
_bENG
100 _aSengar, N. P. S.
_954940
245 _aA primer on dosage form design /
_cby N. P. S. Sengar, Ritesh Agrawal [and] Ashwini singh
260 _aHyderabad
_bPharmaMed Press
_c2009
270 _a4-4-316, Giriraj Lane, Sultan Bazar,
_bHyderabad
_e500095
300 _axiii, 120p.
_c24cm(pbk)
700 _954941
_aAgrawal, Ritesh
700 _aSingh, Ashwini
_954948
942 _2ddc
_cEN
_mSEN
999 _c73198
_d73198